000 00286nam a2200109Ia 4500
008 200302s9999 xx 000 0 und d
100 _aBaruch Givoni
245 _aClimate considerations in building and urban design
260 _bJohn Wiley and Sons ,Inc
260 _c1998
300 _a463
999 _c6080
_d6080